000 00464nam a2200157Ia 4500
005 20250610111353.0
008 008 250505s9999 xx 000 0 eng d
020 _a9789390644148
040 _beng
_cILCL
041 _aeng
_2eng
100 _aBentham
_9812351
245 0 _aIntroduction to the principles of Morals and Legislation
260 _aDelhi
_bLaw and Justice Publishing Company
_c2023
300 _axxii,241p.
942 _cTB
_2Colon Classification
999 _c1311855
_d1311855